000 00702nam a2200181Ia 4500
008 100921s9999 xx 000 0 und d
082 _b12762
_a808.068 थ 77
100 _aकुलकर्णी दत्ताजी.
245 _aबारा ज्योतिर्लिंग कथा.
260 _bनलिनी प्रकाशन,पुणे.
_c1977
300 _a56
_b---
365 _b4
520 _aललित-बालवाङ्रमय.
630 _aबारा ज्योतिर्लिंग कथा.
650 _aललित-बालवाङ्रमय.
730 _aबारा ज्योतिर्लिंग कथा.
942 _cBOOK
999 _c761875
_d761872